La provincia de Corrientes en los siglos XVI y XVII : (Record no. 101256)

MARC details
000 -LEADER
campo de control de longitud fija 02187cam a2200529 a 4500
001 - NÚMERO DE CONTROL
campo de control 60442
005 - FECHA Y HORA DE LA ÚLTIMA TRANSACCIÓN
campo de control 20230410143420.0
008 - DATOS DE LONGITUD FIJA--INFORMACIÓN GENERAL
campo de control de longitud fija 890928s1988 sp ab b f000 0 spa d
010 ## - NÚMERO DE CONTROL DE LA BIBLIOTECA DEL CONGRESO
Número de control de LC 94226671
035 ## - NÚMERO DE CONTROL DEL SISTEMA
Número de control de sistema (OCoLC)ocm20405939
040 ## - FUENTE DE CATALOGACIÓN
Centro catalogador/agencia de origen FMU
Centro/agencia transcriptor DLC
Centro/agencia modificador PL#
-- EL$
020 ## - NÚMERO INTERNACIONAL ESTÁNDAR DEL LIBRO
Número Internacional Estándar del Libro 840006867X
020 ## - NÚMERO INTERNACIONAL ESTÁNDAR DEL LIBRO
Número Internacional Estándar del Libro 9788400068677
029 1# - OTRO NÚMERO DE CONTROL DE SISTEMA (OCLC)
Identificador de la biblioteca OCLC NLGGC
Número de control de sistema 125610335
035 ## - NÚMERO DE CONTROL DEL SISTEMA
Número de control de sistema (OCoLC)20405939
042 ## - CÓDIGO DE AUTENTICACIÓN
Código de autenticación lccopycat
043 ## - CÓDIGO DE ÁREA GEOGRÁFICA
Código de área geográfica s-ag---
-- s-py---
050 14 - SIGNATURA TOPOGRÁFICA DE LA BIBLIOTECA DEL CONGRESO
Número de clasificación F2891
Número de ítem C111p 1988
082 00 - NÚMERO DE LA CLASIFICACIÓN DECIMAL DEWEY
Número de clasificación 982/.22
Número de edición 20
049 ## - FONDOS LOCALES (OCLC)
Biblioteca depositaria GRAL
100 1# - ENTRADA PRINCIPAL--NOMBRE DE PERSONA
Nombre de persona Cañedo-Arguelles Fabrega, Teresa.
245 13 - MENCIÓN DEL TÍTULO
Título La provincia de Corrientes en los siglos XVI y XVII :
Resto del título un modelo de colonización en el Alto Paraná /
Mención de responsabilidad, etc. Teresa Cañedo-Arguelles Fábrega.
260 ## - PUBLICACIÓN, DISTRIBUCIÓN, ETC.
Lugar de publicación, distribución, etc. Madrid :
Nombre del editor, distribuidor, etc. Consejo Superior de Investigaciones Científicas, Centro de Estudios Históricos, Departamento de Historia de América,
Fecha de publicación, distribución, etc. 1988.
300 ## - DESCRIPCIÓN FÍSICA
Extensión 257 p. :
Otras características físicas col. ill., maps ;
Dimensiones 24 cm.
440 #0 - MENCIÓN DE SERIE/PUNTO DE ACCESO ADICIONAL--TÍTULO
Título Colección Tierra nueva e cielo nuevo ;
Designación de volumen o secuencia 23
490 1# - MENCIÓN DE SERIE
Mención de serie V centenario del descubrimiento de América
500 ## - NOTA GENERAL
Nota general Cover title: Un modelo de colonización en el Alto Paraná.
504 ## - NOTA DE BIBLIOGRAFÍA, ETC.
Nota de bibliografía, etc. Includes bibliographical references (p. 251-257).
651 #0 - PUNTO DE ACCESO ADICIONAL DE MATERIA--NOMBRE GEOGRÁFICO
Nombre geográfico Corrientes (Argentina : Province)
Subdivisión general History.
651 #0 - PUNTO DE ACCESO ADICIONAL DE MATERIA--NOMBRE GEOGRÁFICO
Nombre geográfico Paraguay
Subdivisión general History
Subdivisión cronológica To 1811.
650 #0 - PUNTO DE ACCESO ADICIONAL DE MATERIA--TÉRMINO DE MATERIA
Término de materia o nombre geográfico como elemento de entrada Acculturation
Subdivisión geográfica Argentina
-- Corrientes (Province)
Subdivisión general History.
650 #0 - PUNTO DE ACCESO ADICIONAL DE MATERIA--TÉRMINO DE MATERIA
Término de materia o nombre geográfico como elemento de entrada Acculturation
Subdivisión geográfica Paraguay
Subdivisión general History.
651 #0 - PUNTO DE ACCESO ADICIONAL DE MATERIA--NOMBRE GEOGRÁFICO
Nombre geográfico Corrientes (Argentina : Province)
Subdivisión general Race relations.
651 #0 - PUNTO DE ACCESO ADICIONAL DE MATERIA--NOMBRE GEOGRÁFICO
Nombre geográfico Paraguay
Subdivisión general Race relations.
653 ## - TÉRMINO DE INDIZACIÓN--NO CONTROLADO
Término no controlado Corrientes (Argentina)
-- Colonización
-- Siglo XVI-XVII.
650 #4 - PUNTO DE ACCESO ADICIONAL DE MATERIA--TÉRMINO DE MATERIA
Término de materia o nombre geográfico como elemento de entrada Aculturación
Subdivisión geográfica Argentina
-- Corrientes (Provincia)
Subdivisión general Historia
650 #4 - PUNTO DE ACCESO ADICIONAL DE MATERIA--TÉRMINO DE MATERIA
Término de materia o nombre geográfico como elemento de entrada Aculturación
Subdivisión geográfica Paraguay
Subdivisión general Historia
651 #4 - PUNTO DE ACCESO ADICIONAL DE MATERIA--NOMBRE GEOGRÁFICO
Nombre geográfico Paraguay
Subdivisión general Historia
Subdivisión cronológica Hasta 1811
651 #4 - PUNTO DE ACCESO ADICIONAL DE MATERIA--NOMBRE GEOGRÁFICO
Nombre geográfico Corrientes, Argentina (Provincia)
Subdivisión general Relaciones raciales
651 #4 - PUNTO DE ACCESO ADICIONAL DE MATERIA--NOMBRE GEOGRÁFICO
Nombre geográfico Paraguay
Subdivisión general Relaciones raciales
740 01 - ENTRADA AGREGADA--TÍTULO RELACIONADO/ANALÍTICO NO CONTROLADO
Título relacionado o analítico no controlado Modelo de colonización en el Alto Paraná.
830 #0 - PUNTO DE ACCESO ADICIONAL DE SERIE-TÍTULO UNIFORME
Título uniforme Publicaciones del C.S.I.C. conmemorativas del V centenario del descubrimiento de América.
938 ## -
-- Puvill Libros
-- PUVL
-- 840006867X
-- $21.47
942 ## - ELEMENTOS DE ENTRADA SECUNDARIOS (KOHA)
Fuente del sistema de clasificación o colocación Clasificación de Library of Congress
Tipo de ítem Koha
946 ## - PROCESAMIENTO DE INFORMACIÓN LOCAL (OCLC)
a mjcruz
994 ## -
-- C0
-- DRFGD
Holdings
Estatus retirado Estado de pérdida Fuente del sistema de clasificación o colocación Estado de daño No para préstamo Colección Biblioteca de origen Biblioteca actual Ubicación en estantería Fecha de adquisición Signatura topográfica completa Código de barras Visto por última vez Copia número Tipo de ítem Koha
    Clasificación de Library of Congress     Automatización y Procesos Técnicos Biblioteca Juan Bosch Biblioteca Juan Bosch Automatización y Procesos Técnicos (1er. Piso) 10/04/2023 F2891 C111p 1988 00000060357 21/01/2019 1